00418nam a2200157Ia 4500003000400000008004100004040001600045082001300061100002000074245004200094260005200136300001000188490002500198650001500223650002200238GCL140319s9999 xx 000 0 eng d aGCL / cGCL04a843bF D1 aFRANCE, ANATOLE10aLES DIEUXONT SOIF / cFRANCE, ANATOLE a[S.N] : bLIBRAIRE GENERALE FRANCAISE ، c1989 a283 P aLE LIVRE DE POCHEv004aLITERATURE04aFRENCH LITERATURE